000 02255nam2a2200265 4500
001 RU\NLR\BIBL_A\022532554
005 20250702140142.0
035 _a(NLR Aleph) 022532554
090 _a13404448
_c13404448
100 _a20061204d1904 |||y0rusy50 ca
101 0 _arus
102 _aRU
105 _aa j 000yy
200 1 _aОбщее и местное обезболивание
_eотдел 5
_e(окончание)
_f[соч.] проф. С. Н. Делицина
210 _d1904
215 _aС. 65–178, VI, 48 с.
_cил.
320 _aБиблиогр. в подстроч. примеч.
423 0 _12001#$aХирургическия болезни носа, придаточных полостей его и носоглотки$eотдел 13$f[соч.] проф. Н. А. Геркена
_15181#$aХирургические болезни носа, придаточных полостей его и носоглотки
_1700#1$aГеркен$bН. А.$f1863-1933$gНиколай Александрович
_tХирургическия болезни носа, придаточных полостей его и носоглотки
_aГеркен, Николай Александрович (1863-1933)
461 0 _1001v19\rc\1750200
_12001#$aРусская хирургия$eруководство к теоретической, оперативной и клинической хирургии$fпод редакцией профф. П. И. Дьяконова, Л. Л. Левшина, В. И. Разумовскаго и М. С. Субботина$vВып. 14 (ч. 1 и 2)
_94952732
_cСанкт-Петербург
_d1902-1916
_fПод ред. проф. П.И. Дьяконова, Л.Л. Левшина, В.И. Разумовского и М.С. Субботина
_nжурн. "Практ. медицина" (В.С. Эттингер)
_oРуководство к теоретической, оперативной и клинической хирургии
_pразд. паг.
_tРусская хирургия
_vВып. 14 (ч. 1 и 2)
701 1 _aДелицын
_bС. Н.
_f1858-1918
_gСергей Николаевич
852 _aNLR
_j34.3.6.31(14)
942 _cBOOK
980 _aNB